[Event "Liberec Open 2023 - A FIDE Open"]
[Site "Clarion Grandhotel Zlaty Lev, Liberec"]
[Date "2023.02.28"]
[Round "6"]
[Board "1"]
[White "Ochedzan, Tymon"]
[Black "Lajbl, Jan"]
[Result "1-0"]
[WhiteElo "2240"]
[BlackElo "2255"]
[PlyCount "85"]
[EventDate "2023.02.24"]
[EventRounds "9"]
[EventCountry "CZE"]

1. e4 c6 2. Nc3 d5 3. Nf3 dxe4 4. Nxe4 Nf6 5. Qe2 Nxe4 6. Qxe4 Qa5 7. Qf4 Qf5 8.
Qe3 g6 9. Qc3 Qf6 10. Qxf6 exf6 11. b3 Bg7 12. Bb2 O-O 13. O-O-O Bg4 14. Be2 Re8
15. Rhe1 Nd7 16. h3 Be6 17. d4 f5 18. c4 Nf6 19. Bd3 a6 20. Ne5 Ne4 21. Re2 Red8
22. Kc2 Rac8 23. g4 Bxe5 24. gxf5 Bxf5 25. Bxe4 Bxe4+ 26. Rxe4 Bf6 27. Rde1 Rd7 28.
Bc3 Rcd8 29. Ba5 Rc8 30. Bb6 Kg7 31. a4 g5 32. f4 h6 33. f5 h5 34. b4 Kh6 35. Kd3
Rg8 36. Re8 Rxe8 37. Rxe8 a5 38. bxa5 g4 39. hxg4 hxg4 40. Ke4 g3 41. Rg8 Re7+ 42.
Kf3 Bg5 43. Rxg5  1-0

[Event "Liberec Open 2023 - A FIDE Open"]
[Site "Clarion Grandhotel Zlaty Lev, Liberec"]
[Date "2023.02.28"]
[Round "6"]
[Board "2"]
[White "Belaska, Premysl"]
[Black "Zysko, Jan"]
[Result "1/2-1/2"]
[WhiteElo "2196"]
[BlackElo "2135"]
[PlyCount "83"]
[EventDate "2023.02.24"]
[EventRounds "9"]
[EventCountry "CZE"]

1. d4 Nf6 2. c4 g6 3. Nc3 Bg7 4. e4 d6 5. h3 O-O 6. Be3 e5 7. d5 Na6 8. g4 Nc5 9.
Bg2 a5 10. Nge2 c6 11. O-O cxd5 12. exd5 Nfd7 13. g5 e4 14. Qc2 Ne5 15. Bxc5 Nf3+
16. Kh1 dxc5 17. Nxe4 Nxg5 18. Nxg5 Qxg5 19. f4 Qh4 20. Kh2 Bf5 21. Qd2 b6 22. Rae1
Rae8 23. b3 Bd7 24. Ng3 Rxe1 25. Rxe1 Bh6 26. Rf1 Re8 27. Qf2 Bf8 28. Ne4 Qe7 29.
Rd1 Bg7 30. d6 Qd8 31. a3 h6 32. Qg3 Bf5 33. Nc3 Bd4 34. Nb5 Re3 35. Nxd4 Rxg3 36.
Nxf5 Rxg2+ 37. Kxg2 gxf5 38. d7 Kf8 39. a4 Ke7 40. Kh2 h5 41. Rd2 h4 42. Rd3  1/2-1/2

[Event "Liberec Open 2023 - A FIDE Open"]
[Site "Clarion Grandhotel Zlaty Lev, Liberec"]
[Date "2023.02.28"]
[Round "6"]
[Board "3"]
[White "Cakl, Zdenek"]
[Black "Lohia, Sohum"]
[Result "1/2-1/2"]
[WhiteElo "2079"]
[BlackElo "2105"]
[PlyCount "68"]
[EventDate "2023.02.24"]
[EventRounds "9"]
[EventCountry "CZE"]

1. Nf3 d5 2. b3 c5 3. e3 Nc6 4. Bb2 a6 5. Be2 d4 6. exd4 cxd4 7. O-O g6 8. Bd3 Bg7
9. Be4 Nh6 10. Bxc6+ bxc6 11. d3 O-O 12. Nbd2 e5 13. Re1 Re8 14. Nc4 f6 15. Ba3 Nf7
16. Bc5 Be6 17. Nfd2 f5 18. f3 h5 19. Qe2 Bd5 20. Qf2 Bf6 21. Rad1 Bh4 22. g3 Bf6
23. f4 Bxc4 24. Nxc4 Qd5 25. Ba3 Rad8 26. Bc1 e4 27. Qg2 e3 28. Nb6 Qxg2+ 29. Kxg2
Nd6 30. a4 Kf7 31. Ba3 Be7 32. Bxd6 Bxd6 33. Nc4 Bc7 34. h4 Rb8  1/2-1/2

[Event "Liberec Open 2023 - A FIDE Open"]
[Site "Clarion Grandhotel Zlaty Lev, Liberec"]
[Date "2023.02.28"]
[Round "6"]
[Board "4"]
[White "Gibala, Adam"]
[Black "Kocharyan, Vache"]
[Result "1-0"]
[WhiteElo "1775"]
[BlackElo "1835"]
[PlyCount "147"]
[EventDate "2023.02.24"]
[EventRounds "9"]
[EventCountry "CZE"]

1. Nf3 d5 2. g3 Nf6 3. Bg2 e6 4. O-O Be7 5. d4 O-O 6. c4 dxc4 7. Qa4 a6 8. Qxc4 b5
9. Qc2 Bb7 10. Bf4 Nd5 11. Bd2 Nd7 12. Nc3 c5 13. a3 Rc8 14. Rfd1 Nxc3 15. Qxc3 Bf6
16. Qa5 Qxa5 17. Bxa5 Bxf3 18. Bxf3 cxd4 19. Rac1 Ne5 20. Bb7 Rb8 21. Be4 Nc4 22.
Bb4 Rfd8 23. b3 a5 24. bxc4 axb4 25. axb4 bxc4 26. Rxc4 Be7 27. Rb1 Rb6 28. b5 f5
29. Bc6 e5 30. f3 Kf7 31. Ra1 Ke6 32. Ra6 Rdb8 33. Rca4 g6 34. Kg2 h5 35. Ra7 Kf6
36. Rc7 Bd6 37. Rd7 Ke6 38. Rg7 Kf6 39. Raa7 Rxb5 40. Rgd7 Ke6 41. Bxb5 Rxb5 42.
Rd8 Bc5 43. Rg7 g5 44. Rg6+ Kf7 45. Rh6 Rb2 46. Rd7+ Ke8 47. Rc7 Bf8 48. Rh8 Rb8
49. Rxh5 e4 50. fxe4 fxe4 51. Rxg5 d3 52. exd3 exd3 53. Re5+ Kd8 54. Rc3 Rb2+ 55.
Kf3 d2 56. Rd3+ Kc7 57. Ke2 Bh6 58. h4 Rb1 59. Re7+ Kc8 60. Rxd2 Bxd2 61. Kxd2 Kd8
62. Re3 Kd7 63. Ke2 Kd6 64. Kf3 Kd5 65. Kg4 Kd4 66. Re8 Kd5 67. h5 Rh1 68. Kg5 Kd6
69. g4 Kd7 70. Re4 Kd6 71. h6 Kd5 72. Re8 Kd6 73. Kg6 Kd7 74. Re4  1-0

[Event "Liberec Open 2023 - A FIDE Open"]
[Site "Clarion Grandhotel Zlaty Lev, Liberec"]
[Date "2023.02.28"]
[Round "6"]
[Board "7"]
[White "Steinbach, Wolfgang"]
[Black "Jires, Jiri"]
[Result "0-1"]
[WhiteElo "1886"]
[BlackElo "2106"]
[PlyCount "78"]
[EventDate "2023.02.24"]
[EventRounds "9"]
[EventCountry "CZE"]

1. Nf3 Nf6 2. d4 g6 3. c4 Bg7 4. Nc3 O-O 5. Bg5 h6 6. Bh4 d6 7. e3 g5 8. Bg3 Nh5
9. Bd3 Nc6 10. Nd2 Nxg3 11. hxg3 e5 12. d5 Ne7 13. Qc2 f5 14. O-O-O c6 15. Kb1 a6
16. g4 cxd5 17. cxd5 fxg4 18. Nde4 Bf5 19. Rdf1 Rc8 20. Ng3 Bxd3 21. Qxd3 Qe8 22.
e4 Qd8 23. Qd1 Qd7 24. Qe2 b5 25. Nd1 Rc5 26. Ne3 Kh7 27. Nxg4 Rf4 28. Ne3 Qc8 29.
Nef5 Nxf5 30. Nxf5 Rxf5 31. exf5 Qxf5+ 32. Ka1 Rc2 33. Qe3 e4 34. Rb1 Qe5 35. Qb3
Rxf2 36. Rhc1 Rxg2 37. Rc7 Kg6 38. a3 Rg3 39. Qd1 Rxa3#  0-1

[Event "Liberec Open 2023 - A FIDE Open"]
[Site "Clarion Grandhotel Zlaty Lev, Liberec"]
[Date "2023.02.28"]
[Round "6"]
[Board "8"]
[White "Peglau, Charis"]
[Black "Bindrich, Oswald"]
[Result "0-1"]
[WhiteElo "1870"]
[BlackElo "2105"]
[PlyCount "76"]
[EventDate "2023.02.24"]
[EventRounds "9"]
[EventCountry "CZE"]

1. d4 Nf6 2. c4 g6 3. f3 Bg7 4. e4 d6 5. Nc3 O-O 6. Be3 c5 7. Nge2 Nc6 8. d5 Ne5
9. Ng3 h5 10. h4 a6 11. Be2 e6 12. Qd2 exd5 13. exd5 Re8 14. O-O-O Bd7 15. Nge4 Nxe4
16. Nxe4 Bf5 17. Ng3 Bd7 18. Ne4 Qe7 19. Bh6 Bh8 20. Rdg1 b5 21. g4 Nxg4 22. fxg4
Qxe4 23. Bd3 Qd4 24. gxh5 bxc4 25. Bb1 Rab8 26. hxg6 Qxb2+ 27. Qxb2 Bxb2+ 28. Kd1
f5 29. Re1 Bg7 30. Rxe8+ Bxe8 31. Bxf5 Bxh6 32. Ke2 Ba4 33. Kf3 c3 34. Rh2 Rb2 35.
Rxb2 cxb2 36. Bb1 c4 37. Ke2 Kg7 38. h5 Kf6  0-1

[Event "Liberec Open 2023 - A FIDE Open"]
[Site "Clarion Grandhotel Zlaty Lev, Liberec"]
[Date "2023.02.28"]
[Round "6"]
[Board "9"]
[White "Dusbaba, Karel"]
[Black "Rozumek, Krzysztof"]
[Result "1-0"]
[WhiteElo "2035"]
[BlackElo "1823"]
[PlyCount "71"]
[EventDate "2023.02.24"]
[EventRounds "9"]
[EventCountry "CZE"]

1. c4 Nf6 2. Nc3 e5 3. g3 Bc5 4. Bg2 c6 5. d3 d6 6. Nf3 O-O 7. O-O Bg4 8. a3 Nbd7
9. b4 Bb6 10. Bb2 Re8 11. Rc1 Nf8 12. Ng5 Qd7 13. Qd2 h6 14. Nge4 Nxe4 15. Nxe4 Bc7
16. e3 Bh3 17. f3 Bxg2 18. Kxg2 f5 19. Nf2 Ng6 20. Qc2 Re6 21. Rfd1 Rae8 22. Re1
Qf7 23. a4 h5 24. Bc3 R6e7 25. Nh3 f4 26. Bd2 d5 27. cxd5 cxd5 28. e4 fxg3 29. hxg3
h4 30. g4 Nf4+ 31. Nxf4 exf4 32. Qb3 dxe4 33. Qxf7+ Kxf7 34. Rxe4 g5 35. Rc5 Kf6
36. Rxc7  1-0

[Event "Liberec Open 2023 - A FIDE Open"]
[Site "Clarion Grandhotel Zlaty Lev, Liberec"]
[Date "2023.02.28"]
[Round "6"]
[Board "12"]
[White "Oglaza, Dawid"]
[Black "Bradac, Daniel"]
[Result "1-0"]
[WhiteElo "1798"]
[BlackElo "1983"]
[PlyCount "43"]
[EventDate "2023.02.24"]
[EventRounds "9"]
[EventCountry "CZE"]

1. e4 d5 2. exd5 Qxd5 3. Nc3 Qd8 4. Bc4 Nf6 5. Nf3 Bg4 6. Bxf7+ Kxf7 7. Ne5+ Kg8
8. Nxg4 Qd4 9. Nxf6+ exf6 10. Qe2 Kf7 11. O-O Nc6 12. Nb5 Qd7 13. Qc4+ Kg6 14. d3
a6 15. Nc3 Qd4 16. Qe6 Bd6 17. Ne4 Rae8 18. Qg4+ Kf7 19. Kh1 h5 20. Qf5 g6 21. Ng5+
Kg7 22. Qd7+  1-0

[Event "Liberec Open 2023 - A FIDE Open"]
[Site "Clarion Grandhotel Zlaty Lev, Liberec"]
[Date "2023.02.28"]
[Round "6"]
[Board "13"]
[White "Harish, Neeraj"]
[Black "Pozniak, Yunna"]
[Result "1-0"]
[WhiteElo "1981"]
[BlackElo "1685"]
[PlyCount "59"]
[EventDate "2023.02.24"]
[EventRounds "9"]
[EventCountry "CZE"]

1. e4 e6 2. d4 d5 3. e5 c5 4. c3 Qb6 5. Nf3 Nc6 6. Bd3 Bd7 7. O-O cxd4 8. Re1 dxc3
9. Nxc3 Nb4 10. Be3 Qa5 11. Bb1 Ne7 12. h4 Rc8 13. h5 h6 14. a3 Nbc6 15. Qd2 Nf5
16. Bxf5 exf5 17. b4 Qd8 18. Nxd5 Be6 19. Rad1 Bxd5 20. Qxd5 Qxd5 21. Rxd5 a6 22.
Nh4 Ne7 23. Rd6 Nc6 24. Rd2 Ne7 25. Red1 g5 26. Bb6 Nc6 27. Nxf5 a5 28. b5 f6 29.
e6 Bxa3 30. bxc6  1-0

[Event "Liberec Open 2023 - A FIDE Open"]
[Site "Clarion Grandhotel Zlaty Lev, Liberec"]
[Date "2023.02.28"]
[Round "6"]
[Board "17"]
[White "Hanisch, Paul"]
[Black "Zadrapa, Radek"]
[Result "1-0"]
[WhiteElo "1683"]
[BlackElo "2035"]
[PlyCount "65"]
[EventDate "2023.02.24"]
[EventRounds "9"]
[EventCountry "CZE"]

1. e4 e5 2. Nf3 Nc6 3. Bc4 Nf6 4. d3 Be7 5. Nbd2 O-O 6. O-O d5 7. Bb3 Bg4 8. c3 Qd7
9. Re1 Rad8 10. Bc2 a5 11. a4 Rfe8 12. Qe2 Bc5 13. Nb3 Bb6 14. Bg5 Re6 15. Nbd2 h6
16. exd5 Qxd5 17. Bb3 Qxd3 18. Qxd3 Rxd3 19. Bxe6 hxg5 20. Bc4 Rd7 21. Bb5 Bxf3 22.
Nxf3 Ng4 23. Re2 f6 24. h3 Nh6 25. Bxc6 bxc6 26. Rd2 Rd6 27. b4 e4 28. Rxd6 cxd6
29. Nd4 c5 30. Nb5 cxb4 31. cxb4 g4 32. bxa5 Bc5 33. Rc1  1-0

[Event "Liberec Open 2023 - A FIDE Open"]
[Site "Clarion Grandhotel Zlaty Lev, Liberec"]
[Date "2023.03.01"]
[Round "7"]
[Board "1"]
[White "Ochedzan, Tymon"]
[Black "Goluch, Piotr"]
[Result "1/2-1/2"]
[WhiteElo "2240"]
[BlackElo "2328"]
[PlyCount "45"]
[EventDate "2023.02.24"]
[EventRounds "9"]
[EventCountry "CZE"]

1. e4 c6 2. d4 d5 3. Nc3 dxe4 4. Nxe4 Nf6 5. Nxf6+ exf6 6. Be3 Bd6 7. Bd3 O-O 8.
Ne2 Re8 9. O-O Bg4 10. Qd2 Bh5 11. Nf4 Bg6 12. Nxg6 hxg6 13. c4 Nd7 14. Rfe1 f5 15.
Bg5 Be7 16. Bxe7 Rxe7 17. Qb4 Rxe1+ 18. Rxe1 Qb6 19. Qc3 Nf6 20. Re7 c5 21. d5 Re8
22. Rxe8+ Nxe8 23. g3  1/2-1/2

[Event "Liberec Open 2023 - A FIDE Open"]
[Site "Clarion Grandhotel Zlaty Lev, Liberec"]
[Date "2023.03.01"]
[Round "7"]
[Board "2"]
[White "Lohia, Sohum"]
[Black "Belaska, Premysl"]
[Result "1/2-1/2"]
[WhiteElo "2105"]
[BlackElo "2196"]
[PlyCount "60"]
[EventDate "2023.02.24"]
[EventRounds "9"]
[EventCountry "CZE"]

1. e4 c6 2. d4 d5 3. e5 Bf5 4. h4 h5 5. Bd3 Bxd3 6. Qxd3 Qa5+ 7. Nd2 e6 8. Ngf3 Nh6
9. O-O Nf5 10. c4 Be7 11. g3 O-O 12. a4 Rd8 13. c5 b6 14. Nb3 Qa6 15. Qc3 Nd7 16.
Bg5 f6 17. Bf4 Qc4 18. cxb6 axb6 19. a5 Bb4 20. Qxc4 dxc4 21. Ra4 bxa5 22. Nxa5 Bxa5
23. Rfa1 Nb6 24. Rxa5 Rxa5 25. Rxa5 Nxd4 26. Nxd4 Rxd4 27. exf6 gxf6 28. Be3 Rd1+
29. Kg2 Nd5 30. Rc5 Nxe3+  1/2-1/2

[Event "Liberec Open 2023 - A FIDE Open"]
[Site "Clarion Grandhotel Zlaty Lev, Liberec"]
[Date "2023.03.01"]
[Round "7"]
[Board "4"]
[White "Lajbl, Jan"]
[Black "Zabrzanska, Weronika"]
[Result "1-0"]
[WhiteElo "2255"]
[BlackElo "2021"]
[PlyCount "79"]
[EventDate "2023.02.24"]
[EventRounds "9"]
[EventCountry "CZE"]

1. d4 Nf6 2. Nc3 d5 3. Bg5 e6 4. e4 dxe4 5. Nxe4 Be7 6. Bxf6 Bxf6 7. Nf3 Nd7 8. c3
b6 9. Bd3 Bb7 10. Qc2 Qe7 11. a4 a5 12. h4 h5 13. Qe2 O-O-O 14. Nxf6 Qxf6 15. Be4
Qf4 16. Bxb7+ Kxb7 17. g3 Qd6 18. Ng5 Qe7 19. Qf3+ Ka7 20. Qxf7 Qd6 21. O-O-O Qc6
22. Nxe6 Rb8 23. d5 Qxa4 24. Qf4 Qa2 25. Qf7 Qa1+ 26. Kc2 Qa4+ 27. Kb1 Qe4+ 28. Kc1
Rhf8 29. Nxf8 Nc5 30. d6 Rxf8 31. Qd5 Qa4 32. f4 c6 33. Qe5 Rd8 34. d7 Ka6 35. Qe2+
Kb7 36. Qe7 Kc7 37. Rhe1 Nb3+ 38. Kb1 Qa1+ 39. Kc2 Qa4 40. Qxd8+  1-0

[Event "Liberec Open 2023 - A FIDE Open"]
[Site "Clarion Grandhotel Zlaty Lev, Liberec"]
[Date "2023.03.01"]
[Round "7"]
[Board "6"]
[White "Jires, Jiri"]
[Black "Harish, Neeraj"]
[Result "1-0"]
[WhiteElo "2106"]
[BlackElo "1981"]
[PlyCount "69"]
[EventDate "2023.02.24"]
[EventRounds "9"]
[EventCountry "CZE"]

1. e4 c5 2. Nf3 Nc6 3. d4 cxd4 4. Nxd4 Nf6 5. Nc3 e5 6. Ndb5 d6 7. Nd5 Nxd5 8. exd5
Nb8 9. Qf3 a6 10. Qa3 Be7 11. Bg5 f6 12. Bd2 O-O 13. Bb4 axb5 14. Qxa8 Na6 15. Bd2
Qb6 16. Be3 Qa5+ 17. c3 b4 18. Bxa6 bxc3 19. O-O cxb2 20. Rab1 Qxa6 21. Qxa6 bxa6
22. Rxb2 Bf5 23. Rb7 Bd8 24. f3 Bd3 25. Rc1 Bb5 26. Bb6 Bxb6+ 27. Rxb6 Rd8 28. Rc7
Rd7 29. Rxd7 Bxd7 30. Rxa6 Kf8 31. Rxd6 Ke7 32. Rb6 f5 33. Kf2 g6 34. h4 Be8 35.
Re6+  1-0

[Event "Liberec Open 2023 - A FIDE Open"]
[Site "Clarion Grandhotel Zlaty Lev, Liberec"]
[Date "2023.03.01"]
[Round "7"]
[Board "7"]
[White "Bindrich, Oswald"]
[Black "Oglaza, Dawid"]
[Result "1-0"]
[WhiteElo "2105"]
[BlackElo "1798"]
[PlyCount "69"]
[EventDate "2023.02.24"]
[EventRounds "9"]
[EventCountry "CZE"]

1. e4 c5 2. Nf3 d6 3. d4 cxd4 4. Nxd4 Nf6 5. Nc3 Nc6 6. Bg5 e6 7. Qd2 a6 8. O-O-O
Bd7 9. f3 Be7 10. Kb1 b5 11. h4 h6 12. Be3 h5 13. Nxc6 Bxc6 14. Ne2 Rc8 15. Nd4 Qc7
16. Bd3 Qb7 17. Qf2 Nd7 18. Qg3 Rg8 19. Rhf1 Ne5 20. f4 Ng4 21. e5 Bxh4 22. Qxh4
Nxe3 23. f5 Bxg2 24. Rfe1 Nxd1 25. fxe6 d5 26. Nf5 Qc7 27. Nd6+ Kf8 28. exf7 Rh8
29. Nxc8 Qxc8 30. e6 Qc7 31. Rxd1 Bf3 32. Re1 Be4 33. Bxe4 dxe4 34. Qxe4 Ke7 35.
Qh4+  1-0

[Event "Liberec Open 2023 - A FIDE Open"]
[Site "Clarion Grandhotel Zlaty Lev, Liberec"]
[Date "2023.03.01"]
[Round "7"]
[Board "8"]
[White "Luebke, Florentin"]
[Black "Cakl, Zdenek"]
[Result "1/2-1/2"]
[WhiteElo "1980"]
[BlackElo "2079"]
[PlyCount "51"]
[EventDate "2023.02.24"]
[EventRounds "9"]
[EventCountry "CZE"]

1. e4 c5 2. Nf3 Nc6 3. d4 cxd4 4. Nxd4 g6 5. c4 Nf6 6. Nc3 d6 7. Be2 Nxd4 8. Qxd4
Bg7 9. Be3 O-O 10. Qd2 a5 11. O-O a4 12. f3 Qa5 13. Rab1 Be6 14. Rfc1 Rfc8 15. b4
axb3 16. axb3 Qb4 17. Na4 Qxd2 18. Bxd2 Nd7 19. Be3 Rc6 20. f4 Nc5 21. Nxc5 dxc5
22. e5 f6 23. Bf3 Rc7 24. exf6 Bxf6 25. Be4 Ra2 26. Rc2  1/2-1/2

[Event "Liberec Open 2023 - A FIDE Open"]
[Site "Clarion Grandhotel Zlaty Lev, Liberec"]
[Date "2023.03.01"]
[Round "7"]
[Board "12"]
[White "Diachek, Andriy"]
[Black "Hanisch, Paul"]
[Result "1-0"]
[WhiteElo "1950"]
[BlackElo "1683"]
[PlyCount "97"]
[EventDate "2023.02.24"]
[EventRounds "9"]
[EventCountry "CZE"]

1. e4 e5 2. Nf3 Nf6 3. Nxe5 d6 4. Nf3 Nxe4 5. Nc3 Nxc3 6. dxc3 Be7 7. Be3 Be6 8.
Qd2 c5 9. a3 Nc6 10. O-O-O O-O 11. Bd3 f6 12. Be4 Bf7 13. Qd3 g6 14. Bh6 d5 15. Bxd5
Qxd5 16. Qxd5 Bxd5 17. Rxd5 Rfd8 18. Rxd8+ Rxd8 19. Be3 Kf7 20. Rd1 Rxd1+ 21. Kxd1
Ke6 22. Ke2 Kd5 23. Nd2 Ne5 24. f4 Nc4 25. Nxc4 Kxc4 26. Kd2 a6 27. b3+ Kd5 28. c4+
Kc6 29. c3 f5 30. b4 cxb4 31. cxb4 Bf6 32. a4 Bd8 33. Bd4 Be7 34. Kc3 Bd6 35. b5+
axb5 36. axb5+ Kd7 37. g3 Be7 38. c5 Bd8 39. Kc4 g5 40. Kd5 gxf4 41. gxf4 Bc7 42.
Be5 Ba5 43. c6+ Kc8 44. Ke6 Bb6 45. Kxf5 Bg1 46. h4 Bf2 47. h5 Bh4 48. Ke6 bxc6 49.
bxc6  1-0

[Event "Liberec Open 2023 - A FIDE Open"]
[Site "Clarion Grandhotel Zlaty Lev, Liberec"]
[Date "2023.03.01"]
[Round "7"]
[Board "17"]
[White "Bradac, Daniel"]
[Black "Egli, Urs"]
[Result "0-1"]
[WhiteElo "1983"]
[BlackElo "1795"]
[PlyCount "58"]
[EventDate "2023.02.24"]
[EventRounds "9"]
[EventCountry "CZE"]

1. e4 g6 2. d4 Bg7 3. Nc3 d6 4. f4 Nf6 5. Nf3 O-O 6. Be3 c5 7. Qd2 cxd4 8. Nxd4 Nc6
9. h3 Nxd4 10. Bxd4 Qa5 11. O-O-O Be6 12. Kb1 Nxe4 13. Qe3 Nxc3+ 14. bxc3 Qxa2+ 15.
Kc1 Bf5 16. Bd3 Bxd3 17. Qxd3 Bxd4 18. Qxd4 Rac8 19. Rhe1 Rc4 20. Qe3 Rfc8 21. Rd3
Qa3+ 22. Kd2 R8c7 23. g4 Qc5 24. Qf3 Qc6 25. Qe3 b5 26. Rb1 b4 27. Rxb4 Rxb4 28.
cxb4 Qg2+ 29. Qe2 Rxc2+  0-1

[Event "Liberec Open 2023 - A FIDE Open"]
[Site "Clarion Grandhotel Zlaty Lev, Liberec"]
[Date "2023.03.01"]
[Round "7"]
[Board "18"]
[White "Chubar, Vladimir"]
[Black "Blazek, Matej"]
[Result "1-0"]
[WhiteElo "1802"]
[BlackElo "1925"]
[PlyCount "55"]
[EventDate "2023.02.24"]
[EventRounds "9"]
[EventCountry "CZE"]

1. d4 d5 2. Nf3 Nf6 3. Bg5 Nbd7 4. Nbd2 c5 5. e3 e6 6. c3 Qb6 7. Rb1 Bd6 8. Bd3 O-O
9. O-O Qc7 10. e4 e5 11. Bxf6 Nxf6 12. dxe5 Bxe5 13. Nxe5 Qxe5 14. Nf3 Qh5 15. e5
Nd7 16. Re1 Nb6 17. h3 Be6 18. Qd2 h6 19. Qf4 g5 20. Qg3 Kh8 21. Nh2 a6 22. Ng4 Nd7
23. Bc2 Kg7 24. Rbd1 Qh4 25. Qd3 Rh8 26. Ne3 c4 27. Nf5+ Kf8 28. Qe2  1-0

[Event "Liberec Open 2023 - A FIDE Open"]
[Site "Clarion Grandhotel Zlaty Lev, Liberec"]
[Date "2023.03.01"]
[Round "7"]
[Board "20"]
[White "Pozniak, Yunna"]
[Black "Steinbach, Wolfgang"]
[Result "1-0"]
[WhiteElo "1685"]
[BlackElo "1886"]
[PlyCount "43"]
[EventDate "2023.02.24"]
[EventRounds "9"]
[EventCountry "CZE"]

1. e4 c5 2. c3 d5 3. exd5 Qxd5 4. d4 Nf6 5. Nf3 a6 6. h3 Nc6 7. Be3 cxd4 8. cxd4
e6 9. Nc3 Qd6 10. Bd3 Be7 11. O-O O-O 12. Rc1 b5 13. a3 Bb7 14. Bb1 b4 15. Na4 bxa3
16. bxa3 Qxa3 17. Nb6 Rad8 18. Nc4 Qb4 19. Bd3 Nxd4 20. Nxd4 Bc8 21. Rb1 Qc3 22.
Rb3  1-0

[Event "Liberec Open 2023 - A FIDE Open"]
[Site "Clarion Grandhotel Zlaty Lev, Liberec"]
[Date "2023.03.02"]
[Round "8"]
[Board "1"]
[White "Belaska, Premysl"]
[Black "Ochedzan, Tymon"]
[Result "0-1"]
[WhiteElo "2196"]
[BlackElo "2240"]
[PlyCount "106"]
[EventDate "2023.02.24"]
[EventRounds "9"]
[EventCountry "CZE"]

1. e4 c5 2. Nf3 d6 3. d4 cxd4 4. Nxd4 Nf6 5. Nc3 a6 6. h3 e5 7. Nde2 b5 8. g4 b4
9. Nd5 Nxd5 10. Qxd5 Ra7 11. Be3 Be6 12. Qd3 Rb7 13. Bg2 Be7 14. O-O O-O 15. f4 Bd7
16. Qd2 Bb5 17. Rfd1 Nd7 18. f5 Nb6 19. b3 h6 20. a4 Bc6 21. c3 bxc3 22. Qxc3 Qc7
23. Rac1 Rc8 24. Rd2 Qd8 25. Qa5 Bg5 26. Bxg5 Qxg5 27. Rxd6 Qe3+ 28. Kh2 Rbc7 29.
Qd2 Qxb3 30. Rd8+ Kh7 31. Rxc8 Rxc8 32. a5 Nc4 33. Qc3 Qxc3 34. Rxc3 Bb7 35. Nc1
Nxa5 36. Rxc8 Bxc8 37. Nd3 Nc6 38. Kg3 Kg8 39. h4 Kf8 40. Bf1 Ke7 41. g5 hxg5 42.
hxg5 Kd6 43. Be2 a5 44. Bh5 Nd8 45. Kf2 Ba6 46. Ke3 Bxd3 47. Kxd3 Kc5 48. f6 g6 49.
Bg4 Kb4 50. Kc2 Kc4 51. Kb2 Kd4 52. Bf5 gxf5 53. exf5 Kd5  0-1

[Event "Liberec Open 2023 - A FIDE Open"]
[Site "Clarion Grandhotel Zlaty Lev, Liberec"]
[Date "2023.03.02"]
[Round "8"]
[Board "2"]
[White "Goluch, Piotr"]
[Black "Jires, Jiri"]
[Result "1-0"]
[WhiteElo "2328"]
[BlackElo "2106"]
[PlyCount "109"]
[EventDate "2023.02.24"]
[EventRounds "9"]
[EventCountry "CZE"]

1. d4 Nf6 2. c4 g6 3. Nc3 Bg7 4. e4 d6 5. Nf3 O-O 6. h3 e5 7. d5 a5 8. g4 Na6 9.
Be3 Nc5 10. Nd2 Nfd7 11. Qc2 a4 12. Rg1 c6 13. O-O-O a3 14. b4 Na6 15. Qb3 c5 16.
b5 Nb4 17. Be2 f6 18. h4 Rf7 19. Nf1 Nf8 20. h5 g5 21. Ng3 b6 22. Kd2 Ra5 23. Ke1
Rfa7 24. Kf1 h6 25. Kg2 Nd7 26. Bc1 Bb7 27. Nf5 Bf8 28. Rd2 Kf7 29. Rh1 Kg8 30. Rh3
Qa8 31. Qd1 Qd8 32. Qf1 Qe8 33. Bd1 Qa8 34. Re2 Qd8 35. Ree3 Qa8 36. Qe2 Kf7 37.
Nb1 Bc8 38. Rxa3 Rxa3 39. Rxa3 Nxa2 40. Qxa2 Rxa3 41. Bxa3 Qa5 42. Qe2 Qa8 43. Bc2
Qa7 44. Kh3 Qa5 45. Qe3 Qa7 46. Nd2 Qa5 47. Nf3 Nb8 48. Ng3 Qa7 49. Qd3 Qd7 50. Nh2
Qa7 51. Bc1 Qa1 52. Ne2 Qa7 53. f4 exf4 54. e5 dxe5 55. Qg6+  1-0

[Event "Liberec Open 2023 - A FIDE Open"]
[Site "Clarion Grandhotel Zlaty Lev, Liberec"]
[Date "2023.03.02"]
[Round "8"]
[Board "3"]
[White "Lajbl, Jan"]
[Black "Lohia, Sohum"]
[Result "1-0"]
[WhiteElo "2255"]
[BlackElo "2105"]
[PlyCount "111"]
[EventDate "2023.02.24"]
[EventRounds "9"]
[EventCountry "CZE"]

1. d4 Nf6 2. c4 e6 3. g3 d5 4. Nf3 dxc4 5. Bg2 Nc6 6. Qa4 Bb4+ 7. Bd2 Nd5 8. Bxb4
Ndxb4 9. O-O O-O 10. a3 Nd5 11. Qxc4 Bd7 12. Nbd2 Na5 13. Qc2 Bb5 14. Rfe1 b6 15.
b4 Nb7 16. e4 Ne7 17. a4 Bd7 18. Ne5 Rc8 19. Nb3 Ng6 20. Nc6 Bxc6 21. Qxc6 Nd6 22.
Rec1 Ne7 23. Qc3 Qd7 24. e5 Ndf5 25. Bb7 Rb8 26. Be4 Nd5 27. Qc6 Qxc6 28. Rxc6 Nfe7
29. Rc4 Rfd8 30. b5 h6 31. Rac1 Rbc8 32. Na1 Kf8 33. Nc2 c6 34. Na3 cxb5 35. axb5
Rxc4 36. Rxc4 Rc8 37. Rxc8+ Nxc8 38. Bxd5 exd5 39. Nc2 Ne7 40. f4 Ke8 41. Kf2 Kd7
42. g4 Kc7 43. f5 Kb7 44. Nb4 Kc7 45. Ke3 Kd7 46. h4 f6 47. Kf4 Kc7 48. g5 hxg5+
49. hxg5 fxg5+ 50. Kxg5 Kd7 51. Nc6 a5 52. f6 gxf6+ 53. exf6 Nxc6 54. bxc6+ Ke8 55.
c7 Kd7 56. f7  1-0

[Event "Liberec Open 2023 - A FIDE Open"]
[Site "Clarion Grandhotel Zlaty Lev, Liberec"]
[Date "2023.03.02"]
[Round "8"]
[Board "4"]
[White "Bindrich, Oswald"]
[Black "Zysko, Jan"]
[Result "0-1"]
[WhiteElo "2105"]
[BlackElo "2135"]
[PlyCount "48"]
[EventDate "2023.02.24"]
[EventRounds "9"]
[EventCountry "CZE"]

1. e4 c5 2. Nf3 e6 3. d4 cxd4 4. Nxd4 Nf6 5. Nc3 d6 6. Be2 Be7 7. Be3 O-O 8. Qd2
e5 9. Nf5 Bxf5 10. exf5 d5 11. Bg5 Nbd7 12. f3 d4 13. Nd1 Qb6 14. Bd3 Nc5 15. O-O
e4 16. fxe4 Nfxe4 17. Bxe4 Nxe4 18. Qe1 Bxg5 19. Qxe4 d3+ 20. Kh1 d2 21. Nf2 Rfe8
22. Qg4 Qxb2 23. Ne4 h6 24. h4 Qd4  0-1

[Event "Liberec Open 2023 - A FIDE Open"]
[Site "Clarion Grandhotel Zlaty Lev, Liberec"]
[Date "2023.03.02"]
[Round "8"]
[Board "5"]
[White "Gibala, Adam"]
[Black "Saglam, Buelent"]
[Result "0-1"]
[WhiteElo "1775"]
[BlackElo "2115"]
[PlyCount "70"]
[EventDate "2023.02.24"]
[EventRounds "9"]
[EventCountry "CZE"]

1. e4 e6 2. d4 d5 3. e5 c5 4. c3 Qb6 5. Nf3 Bd7 6. Bd3 Nc6 7. O-O cxd4 8. Re1 a6
9. a3 Rc8 10. b4 dxc3 11. Nxc3 Nd4 12. Bb2 Bc5 13. Rc1 Nxf3+ 14. Qxf3 Bd4 15. Qf4
Ne7 16. h4 O-O 17. h5 f6 18. h6 fxe5 19. Qg5 Rf7 20. Kh1 e4 21. Be2 Bf6 22. Qg3 Nf5
23. Qh2 Qxf2 24. Qh3 Bxc3 25. Bxc3 Ng3+ 26. Kh2 Nxe2 27. Rxe2 Qxe2 28. Bxg7 Rxc1
29. Be5 Kf8 30. Qh4 Ke8 31. Qg5 Rcf1 32. Bc7 R1f6 33. Bg3 Rg6 34. Qc1 Qg4 35. Qc7
Qxg3+  0-1